zpět

Detail výsledku týmu

Minipivovar Polivar, Kopřivnice

Datum a čas kvízu

19.5 Celkem bodů Celkový počet nahraných bodů na tomto kvízu bez doplňovacích otázek.
4. Pořadí na kvízu Konečné umístění týmu na tomto kvízu.

Zaznamenané odpovědi

# Otázka Odpověď Body Výsledky
1. Které novinářské ocenění si v... Cenu Ferdinanda Peroutky 0
2. Jeden americký stát zasáhla vl... Florida 0
3. Vstup ke které římské památce... k fontáně di Trevi 1
4. Do aukční historie se nově zap... Rembrandt (Harmenszoon van Rijn) 0
5. Německá olympionička Franziska... A 1
6. 29. května roku 1500 umírá pob... Bartolomeu Dias 0
7. 8. února 1700 se narodil Danie... A) proudění tekutin 1
8. Za kulatý letopočet budeme dne... Brouček 1
9. 16. listopadu 1900 se v Olomou... Eliška Junková 0
10. Od 15. září do 1. října 2000 s... Jan Železný; Sydney 0.5